Krízy na svetových finančných trhoch diplomová práca

Enregistré dans:
Détails bibliographiques
Auteur principal: Ilavská, Ľubomíra
Collectivité auteur: Národohospodárska fakulta EU. Katedra bankovníctva a medzinárodných financií
Autres auteurs: Kotlebová, Jana, 1969-
Format: Livre
Langue:slovaque
Publié: Bratislava 2009
Tags: Ajouter un tag
Pas de tags, Soyez le premier à ajouter un tag!

MARC

LEADER 00000nam$a2200000$$$4500
001 0095367
005 20240319123250.5
041 0 |a slo 
044 |a SK 
245 1 0 |a Krízy na svetových finančných trhoch  |b diplomová práca  |c Ľubomíra Ilavská ; škol. Jana Kotlebová 
264 1 |a Bratislava  |c 2009 
300 |a 78 s. 
100 1 |a Ilavská, Ľubomíra 
700 1 |a Kotlebová, Jana, 1969- 
710 2 |a Národohospodárska fakulta EU. Katedra bankovníctva a medzinárodných financií